Türkiye için yeni bir seçim yöntemi tasarımına doğru (Record no. 3029)
[ view plain ]
| 000 -BAŞLIK | |
|---|---|
| Sabit Uzunlukta Kontrol Alanı | 00876na a2200277 4500 |
| 001 - KONTROL NUMARASI | |
| Denetim Alanı | 16463 |
| 003 - KONTROL NUMARASI IDENTIFIER | |
| Denetim Alanı | MIRAKIL |
| 005 - SON İŞLEM TARİHİ VE ZAMANI | |
| Denetim Alanı | 20181213154917.0 |
| 008 - SABİT-BOY VERİ ELEMANLARI - GENEL BİLGİLER | |
| Sabit Uzunlukta Kontrol Alanı | 161011b tu 000 0 |
| 020 ## - ULUSLARARASI STANDART KİTAP NUMARASI | |
| Uluslararası Standart Kitap Numarası | 9757249106 |
| 040 ## - KATALOGLAMA KAYNAK | |
| Orijinal Kataloglama Ajansı | Milas |
| Kataloglama Dili | tur |
| Metne Dönüştürmek Ajansı | TR-AnCHP |
| 041 ## - DİL KODU | |
| Metin / Ses Parça Veya Ayrı Başlığın Dil Kodu | tur |
| 082 ## - DEWEY ONLU SINIFLANDIRMA NUMARASI | |
| Sınıflandırma Numarası | 324.9 |
| Ürün Numarası | T96 1995 |
| 090 ## - SINIFLAMA NUMARASI | |
| Sınıflama Numarası | 324.9 T96 1995 |
| 245 ## - BAŞLIK TABLOSU | |
| Başlık | Türkiye için yeni bir seçim yöntemi tasarımına doğru |
| Sorumluluk Tablosu, Vb | hazırlayanlar Murat R. Sertel ve Ersin Kalaycıoğlu |
| 260 ## - YAYIN, DAĞITIM, VB | |
| Yayın, Dağıtım, Vb Yeri | İstanbul |
| Yayıncı, Dağıtıcı, Vs Adı | TÜSİAD |
| Yayın, Dağıtım, Vb Tarihi | 1995 |
| 300 ## - FİZİKSEL TANIM | |
| Kapsam | 248 s. |
| Diğer Fiziksel Ayrıntıları | grf. tbl. |
| Boyutlar | 28 sm. |
| 490 ## - SERİSİ TABLOSU | |
| Seri Beyanı | Türk Sanayicileri ve İşadamları Derneği Yayınları |
| Hacim / Ardışık Tanımı | 955179 |
| 504 ## - KAYNAKÇA VB NOT | |
| Kaynakça Vb Notu | Kaynakça var. |
| 650 ## - KONU KATMA GİRİŞ - TOPİKAL DÖNEM | |
| Topikal Süreli Veya Coğrafi Ad Giriş Elemanı | Seçim sistemleri |
| Coğrafi Alt Bölümü | Türkiye |
| 650 ## - KONU KATMA GİRİŞ - TOPİKAL DÖNEM | |
| Topikal Süreli Veya Coğrafi Ad Giriş Elemanı | Seçimler |
| Genel Alt Bölümü | Yöntemler |
| Coğrafi Alt Bölümü | Türkiye |
| 700 ## - KATMA GİRİŞ - KİŞİSEL İSİM | |
| Kişisel Ad | Kalaycıoğlu, Ersin |
| 700 ## - KATMA GİRİŞ - KİŞİSEL İSİM | |
| Kişisel Ad | Sertel, Murat R. |
| 942 ## - EKLENDİ GİRİŞ ELEMANLARI (KOHA) | |
| Sınıflandırma Veya Raf Düzeni Kaynak | Dewey Decimal Classification |
| Koha Öğesi Türü | Books |
| 999 ## - SİSTEM KONTROL NUMARALARI (KOHA) | |
| Koha Biblionumber | 3029 |
| Koha Biblioitemnumber | 3029 |
| 657 ## - INDEX SÜRE - İŞLEVİ | |
| -- | Seçim yöntemi |
| -- | Türkiye |
| Kalıcı Konum | Mevcut Konum | Edinme Tarihi | Edinim Kaynak | Toplam Check-Out'Lar | Tam Çağrı Numarası | Barkod | Tarih Son Görülme | İtibaren Geçerli Fiyatlar | Koha Öğesi Türü |
|---|---|---|---|---|---|---|---|---|---|
| CHP Kütüphanesi | CHP Kütüphanesi | 10/07/2016 | Bağış | 324.9 T96 1995 | 002289 | 10/07/2016 | 10/07/2016 | Books |
